| 000 | 00624nam a2200205 a 4500 | ||
|---|---|---|---|
| 001 | 000045305 | ||
| 003 | DO-SdBNP | ||
| 005 | 20180402090522.0 | ||
| 007 | 000045305 | ||
| 008 | 150225s20uu dr a 000 0 spa d | ||
| 040 |
_aBPMEt _bspa _cBPMET |
||
| 100 | 1 | _aHilario Medina, Rafael | |
| 245 | 1 | 0 |
_aTorpy el mosquito valiente. / _cRafael Hilario Medina; ilustraciones Joel Báez. |
| 260 |
_aSanto Domingo, : _bEdiciones Rahim, _c200u. |
||
| 300 |
_a8 p. : _bil. ; _c19 cm. |
||
| 700 | 1 |
_aBáez, Joel _eil. |
|
| 942 |
_2ddc _cBK |
||
| 945 | _aRemanejado para la BNPHU / 2018 VM | ||
| 956 |
_aVMATEO _b10 _c20150429 _lBPMSU _h00151 |
||
| 999 |
_c7752 _d7752 |
||